| 000 | 01777cam a2200193 4500500 | ||
|---|---|---|---|
| 005 | 20260329005201.0 | ||
| 041 | _afre | ||
| 042 | _adc | ||
| 100 | 1 | 0 |
_aBarlag, Lydia _eauthor |
| 700 | 1 | 0 |
_aBoriceanu, Oana _eauthor |
| 700 | 1 | 0 |
_aBourgeois, Didier _eauthor |
| 245 | 0 | 0 | _aQuelques réflexions cliniques sur la Fibromyalgie |
| 260 | _c2006. | ||
| 500 | _a31 | ||
| 520 | _aDevant les difficultés du psychiatre burkinabé formé dans les écoles occidentales à prendre en charge des patients présentant des hallucinations, nous avons fait une étude sur le contexte culturel des hallucinations chez les Moose. Nous avons réalisé des entretiens semi-structurés avec 43 accompagnants de patients hospitalisés présentant des hallucinations, 22 guérisseurs traditionnels et 19 personnes ressources (sages du village). Pour les Moose, l’hallucination est un symptôme non pathologique. Il est considéré chez eux comme un pouvoir mystique et n’est jamais traité. Il est alors important que les psychiatres modernes prennent en considération le sens culturel de certains symptômes. | ||
| 520 | _aIn front of the difficulties we had to treat patients with hallucinations, we carried out a study of cultural context of hallucinations among the moose. We interviewed 43 patient-accompagnants, 22 traditional therapists and 19 ressource persons. Moose consider hallucinations as a non pathological symptom, it’s culturally admited like a mystic power. So it’s never treated. Modern therapists in Africa must pay attention to the cultural symbolism and meaning of hallucinations. | ||
| 786 | 0 | _nPsy Cause | 46 | 4 | 2006-01-03 | p. 12-15 | 1245-2394 | |
| 856 | 4 | 1 | _uhttps://shs.cairn.info/revue-psy-cause-2006-4-page-12?lang=fr&redirect-ssocas=7080 |
| 999 |
_c1841067 _d1841067 |
||